Judy Moody was in a mood / (Record no. 2013)

MARC details
000 -LEADER
fixed length control field 01285cam a2200325 i 4500
005 - DATE AND TIME OF LATEST TRANSACTION
control field 20231027154107.0
020 ## - INTERNATIONAL STANDARD BOOK NUMBER
International Standard Book Number 9781532143052
Qualifying information (hbk.)
020 ## - INTERNATIONAL STANDARD BOOK NUMBER
International Standard Book Number 1532143052
Qualifying information (hbk.)
040 ## - CATALOGING SOURCE
Original cataloging agency YDX
Language of cataloging eng
Transcribing agency YDX
Description conventions rda
Modifying agency BDX
-- IHX
-- OCLCF
-- IY5
-- DLC
050 00 - LIBRARY OF CONGRESS CALL NUMBER
Classification number PZ7.M478419
Item number Jvh 2020
082 04 - DEWEY DECIMAL CLASSIFICATION NUMBER
Classification number [Fic]
Edition number 23
100 1# - MAIN ENTRY--PERSONAL NAME
Personal name McDonald, Megan,
Relator term author.
245 10 - TITLE STATEMENT
Title Judy Moody was in a mood /
Statement of responsibility, etc. Megan McDonald ; illustrated by Peter H. Reynolds.
250 ## - EDITION STATEMENT
Edition statement Reinforced library bound edition.
260 ## - PUBLICATION, DISTRIBUTION, ETC.
Place of publication, distribution, etc. Somerville :
Name of publisher, distributor, etc. Candlewick,
Date of publication, distribution, etc. 2010
300 ## - PHYSICAL DESCRIPTION
Extent 152 pages :
Other physical details illustrations ;
Dimensions 20 cm.
490 1# - SERIES STATEMENT
Series statement Judy Moody ;
Volume/sequential designation Book 1
500 ## - GENERAL NOTE
General note First published in 2000.
505 ## - FORMATTED CONTENTS NOTE
Formatted contents note M
520 ## - SUMMARY, ETC.
Summary, etc. Meet Judy Moody, the queen of moods! Bad moods, good moods, even back-to-school moods - Judy Moody has them all. When her teacher assigns the class the task of creating me collages, it puts Judy in a cut-and-paste mood!
521 ## - TARGET AUDIENCE NOTE
Target audience note 530 <br/>
Source Lexile
521 ## - TARGET AUDIENCE NOTE
Target audience note M <br/>
Source Raz-Plus
650 #0 - SUBJECT ADDED ENTRY--TOPICAL TERM
Topical term or geographic name entry element First day of school
Form subdivision Juvenile fiction.
650 #0 - SUBJECT ADDED ENTRY--TOPICAL TERM
Topical term or geographic name entry element Emotions
Form subdivision Juvenile fiction.
650 #0 - SUBJECT ADDED ENTRY--TOPICAL TERM
Topical term or geographic name entry element Art therapy
Form subdivision Juvenile fiction.
700 1# - ADDED ENTRY--PERSONAL NAME
Personal name Reynolds, Peter H.
Fuller form of name (Peter Hamilton),
Dates associated with a name 1961-
Relator term illustrator.
906 ## - LOCAL DATA ELEMENT F, LDF (RLIN)
a 7
b cbc
c copycat
d 2
e ncip
f 20
g y-gencatlg
942 ## - ADDED ENTRY ELEMENTS (KOHA)
Source of classification or shelving scheme Dewey Decimal Classification
Koha item type Books
Suppress in OPAC No
999 ## -
-- 2013
-- 2013
Holdings
Withdrawn status Lost status Source of classification or shelving scheme Damaged status Not for loan Collection Home library Current library Shelving location Date acquired Total Checkouts Full call number Barcode Date last seen Price effective from Koha item type
    Dewey Decimal Classification     Juvenile Fiction Footprints International School Library Network Toul Kork Campus Footprints International School Library Network Toul Kork Campus TK Primary Library Room(4th Floor), Bookcase 3&4, Shelves 17-32, Yellow Books 10/27/2023   MCD Fic PZ7.M478419 FISTK00118 10/27/2023 10/27/2023 Books